[Event "Toronto-ch"]
[Site "Toronto"]
[Date "2001.02.03"]
[Round "7"]
[White "Preisman, Henry"]
[Black "Veltmann, Martin"]
[Result "1-0"]
[WhiteElo "2031"]
[BlackElo "2058"]
[PlyCount "65"]
[EventDate "2001.??.??"]
[EventType "tourn"]
[EventRounds "11"]
[EventCountry "CAN"]
[SourceTitle "EXT 2003"]
[Source "ChessBase"]
[SourceDate "2002.11.25"]
[SourceVersion "1"]
[SourceVersionDate "2002.11.25"]
[SourceQuality "1"]

1. e4 c5 2. c3 e6 3. Nf3 d5 4. exd5 exd5 5. d4 Nc6 6. Be2 Be6 7. Be3 cxd4 8. Nxd4 Nf6 9. Nd2 Bd6 10. 0-0 0-0 11. h3 h6 12. Re1 a6 13. N2f3 Ne4 14. Qc2 Rc8 15. Nxc6 Rxc6 16. Bd3 Bb8 17. Rad1 Qa5 18. Nd4 Qc7 19. Nxc6 Qh2+ 20. Kf1 bxc6 21. Bxe4 dxe4 22. Qxe4 Bxa2 23. Rd4 Bd5 24. Rxd5 cxd5 25. Qxd5 Qc7 26. Rd1 Qh2 27. b4 Be5 28. c4 Re8 29. Qe4 f5 30. Qc6 Re7 31. Qc8+ Kh7 32. Qxf5+ g6 33. Qf8 1-0

[Event "Toronto-ch"]
[Site "Toronto"]
[Date "2001.01.22"]
[Round "5"]
[White "Preisman, Henry"]
[Black "Bergeron, Florian"]
[Result "0-1"]
[WhiteElo "2031"]
[BlackElo "2021"]
[PlyCount "120"]
[EventDate "2001.??.??"]
[EventType "tourn"]
[EventRounds "11"]
[EventCountry "CAN"]
[SourceTitle "EXT 2003"]
[Source "ChessBase"]
[SourceDate "2002.11.25"]
[SourceVersion "1"]
[SourceVersionDate "2002.11.25"]
[SourceQuality "1"]

1. e4 Nf6 2. e5 Nd5 3. d4 d6 4. Nf3 Bg4 5. Be2 e6 6. 0-0 Be7 7. c4 Nb6 8. Nc3 0-0 9. h3 Bf5 10. Be3 d5 11. c5 Nc8 12. Bd3 Bxd3 13. Qxd3 Nc6 14. Rfe1 a6 15. Rac1 Qd7 16. Ng5 Bxg5 17. Bxg5 N8e7 18. Ne2 Nf5 19. g4 h6 20. gxf5 hxg5 21. Ng3 exf5 22. Nxf5 g6 23. Nh6+ Kg7 24. Ng4 Rh8 25. Re3 Qf5 26. Nf6 Qxd3 27. Rxd3 Ne7 28. Kg2 Rh4 29. Rcc3 c6 30. Rb3 Nf5 31. Ng4 Rb8 32. Rb4 a5 33. Rbb3 Kf8 34. Ra3 b6 35. cxb6 Rxb6 36. Rxa5 Rxb2 37. Ra6 Rb4 38. Rxc6 Nxd4 39. Rd6 Ne6 40. Nf6 d4 41. Ra3 Kg7 42. Nd5 Nf4+ 43. Nxf4 Rxf4 44. Rb3 Ra4 45. a3 Re4 46. Rd5 Kf8 47. f3 Re2+ 48. Kg3 Rc4 49. e6 Rxe6 50. Rxg5 Rd6 51. Rd3 f5 52. Kf4 Rc3 53. Rd2 Rxa3 54. Ke5 Ke7 55. Rgg2 Rxf3 56. Rxd4 Re6+ 57. Kd5 Rxh3 58. Ra4 Rd3+ 59. Kc4 Rd7 60. Ra8 Kf7 0-1